The foundations of magnetic recording / (Record no. 25681)
[ view plain ]
| 000 -LEADER | |
|---|---|
| fixed length control field | 00730cam a22002415a 4500 |
| 001 - CONTROL NUMBER | |
| control field | 011291761 |
| 005 - DATE AND TIME OF LATEST TRANSACTION | |
| control field | 20171127144527.0 |
| 008 - FIXED-LENGTH DATA ELEMENTS--GENERAL INFORMATION | |
| fixed length control field | 931206t1993 enka frb 001 0 eng d |
| 020 ## - INTERNATIONAL STANDARD BOOK NUMBER | |
| International Standard Book Number | 0124666264 |
| 020 ## - INTERNATIONAL STANDARD BOOK NUMBER | |
| International Standard Book Number | 9780124666269 |
| 040 ## - CATALOGING SOURCE | |
| Original cataloging agency | Uk |
| Transcribing agency | Uk |
| Language of cataloging | eng |
| Modifying agency | EG-ScBUE |
| 082 04 - DEWEY DECIMAL CLASSIFICATION NUMBER | |
| Edition number | 22 |
| Classification number | 621.38234 |
| Item number | MAL |
| 100 1# - MAIN ENTRY--PERSONAL NAME | |
| Personal name | Mallinson, John C. |
| 245 14 - TITLE STATEMENT | |
| Title | The foundations of magnetic recording / |
| Statement of responsibility, etc | John C. Mallinson. |
| 250 ## - EDITION STATEMENT | |
| Edition statement | 2nd ed. |
| 260 ## - PUBLICATION, DISTRIBUTION, ETC. (IMPRINT) | |
| Place of publication, distribution, etc | San Diego ; |
| -- | London : |
| Name of publisher, distributor, etc | Academic Press, |
| Date of publication, distribution, etc | c.1993. |
| 300 ## - PHYSICAL DESCRIPTION | |
| Extent | xv, 217 p. : |
| Other physical details | ill. ; |
| Dimensions | 24 cm. |
| 504 ## - BIBLIOGRAPHY, ETC. NOTE | |
| Bibliography, etc | Includes bibliographical references and index. |
| 650 #7 - SUBJECT ADDED ENTRY--TOPICAL TERM | |
| Topical term or geographic name as entry element | Magnetic recorders and recording. |
| Source of heading or term | BUEsh |
| 651 ## - SUBJECT ADDED ENTRY--GEOGRAPHIC NAME | |
| Source of heading or term | BUEsh |
| 653 ## - INDEX TERM--UNCONTROLLED | |
| Resource For college | Generalities |
| Arrived date list | November2017 |
| 942 ## - ADDED ENTRY ELEMENTS (KOHA) | |
| Source of classification or shelving scheme | Dewey Decimal Classification |
| Withdrawn status | Item status | Source of classification or shelving scheme | Damaged status | Not for loan | Home library | Current library | Shelving location | Date acquired | Source of acquisition | Total Checkouts | Full call number | Barcode | Date last seen | Koha item type |
|---|---|---|---|---|---|---|---|---|---|---|---|---|---|---|
| Dewey Decimal Classification | Central Library | Central Library | First floor | 27/11/2017 | Purchase | 621.38234 MAL | 000042575 | 15/07/2025 | Book - Borrowing |